000
00301nam a2200109Ia 4500
008
200302s9999 xx 000 0 und d
100
_a
Ernest Burden
245
_a
Elements of architectural design A Photographic sourcebook 2nd ed
260
_b
John Willey and Sons Inc.
260
_c
2000
300
_a
342
999
_c
6597
_d
6597